00309nam a2200145Ia 45000030006000000080041000060400015000471000021000622450021000832500006001042600020001103000006001305460010001360050017001460STCL150530s9999 xx 000 0 und d aSTCLcSTCL aVed Prakash Soni aEk Dha Jalayliya a1 c2004aNew Delhi a0 aHindi20220125171242.0